Statistics for Geography true or false

Click here to take the quiz!

General Stats

  • This quiz has been taken 138 times
  • The average score is 5 of 8

Answer Stats

QuestionAnswer% Correct
Istanbul is the capital of TurkeyFalse
86%
New Zealand technically has more percentage of kangaroos than AustraliaFalse
84%
Australia has been independent longer than the USFalse
77%
New York City was once called New HollandFalse
68%
The US state of Vermont was once independentTrue
68%
New Zealand was the first country to allow women to voteTrue
68%
They speak English in MacauFalse
47%
BONUS: Which of these dragon flags would win in a fight
41%

Score Distribution

Percentile by Number Answered

Percent of People with Each Score

Your Score History

You have not taken this quiz